| 000 | 01257nam a2200325 a 4500 | ||
|---|---|---|---|
| 001 | 3446704 | ||
| 003 | OSt | ||
| 005 | 20231007105048.0 | ||
| 008 | 921026s1991 ii af 000 0aeng | ||
| 010 | _a 91908426 | ||
| 020 | _a9780857424921 | ||
| 020 |
_a8170460832 : _cRs300.00 |
||
| 025 | _aI-E-65424 | ||
| 040 |
_aDLC _cDLC _dDLC |
||
| 041 | 1 | _aengrus | |
| 043 | _ae-ur--- | ||
| 050 | 0 | 0 |
_aPN1998.3.T36 _bA3 1991 |
| 082 | 0 | 0 |
_a791.430233092 _aB _220 _bTAR/T |
| 100 | 1 |
_aTarkovskiĭ, Andrei Arsenʹevich, _d1932-1986. |
|
| 245 | 1 | 0 |
_aTime within time : _bthe diaries, 1970-1986 / _cAndrey Tarkovsky ; translated from the Russian by Kitty Hunter-Blair. |
| 260 |
_aCalcutta : _bSeagull Books, _c1991. |
||
| 300 |
_aviii, 392 p., [51] p. of plates : _bill. (some col.) ; _c25 cm. |
||
| 500 | _aAutobiographical. | ||
| 500 | _aDiary of a Russian motion picture director. | ||
| 600 | 1 | 0 |
_aTarkovskiĭ, Andreĭ Arsenʹevich, _d1932-1986 _xDiaries. |
| 650 | 0 |
_aMotion picture producers and directors _zSoviet Union _xDiaries. |
|
| 906 |
_a7 _bcbc _corignew _d3 _encip _f19 _gy-gencatlg |
||
| 942 |
_2ddc _cBK _h791.430233092 _iTAR/T _k791.430233092 _mTAR/T |
||
| 999 |
_c42567 _d42567 |
||